Instructions for carpenter's mate 3c in preparation for rating of carpenter's mate 2c, assignment 1-26.

Bibliographic Details
Corporate Author: United States. Navy Department. Bureau of Navigation
Format: Government Document eBook
Language:English
Published: Washington : U.S. GPO, 1923.
Subjects:
Online Access:Connect to the full text of this electronic document

MARC

Tag First Indicator Second Indicator Subfields
LEADER 00000cam a22000001a 4500
001 in00003761237
005 20190408185725.0
006 m o d f
007 cr bn mmmapmmp
008 040322s1923 dcu o f000 0 eng d
035 |a ebd1910603691 
040 |a UMI  |c UMI  |d UtOrBLW 
086 0 |a N 17.25:[C 22/3] 
099 |a N17.25-22 
245 0 0 |a Instructions for carpenter's mate 3c in preparation for rating of carpenter's mate 2c, assignment 1-26. 
264 1 |a Washington :  |b U.S. GPO,  |c 1923. 
300 |a 1 online resource (35 pages) 
336 |a text  |b txt  |2 rdacontent 
337 |a computer  |b c  |2 rdamedia 
338 |a online resource  |b cr  |2 rdacarrier 
500 |a [on arithmetic, woodworking tools and methods, lumber standards and use, fire extinguishers, plumbing and piping, and care of Navy vessels and equipment]. 
500 |a Record is based on bibliographic data in ProQuest U.S. Executive Branch Documents, 1910-1932. Reuse except for individual research requires license from ProQuest, LLC. 
533 |a Electronic reproduction.  |b [Bethesda, Md.] :  |c ProQuest,  |d 2012.  |e digital, PDF file.  |n ProQuest U.S. Executive Branch Documents, 1910-1932.  |n Mode of access: World Wide Web via ProQuest website. 
538 |a System requirements: PDF reader software. 
500 |a Electronic resource. 
650 0 |a Lumber trade.  |0 http://id.loc.gov/authorities/subjects/sh85078814 
650 0 |a Tools.  |0 http://id.loc.gov/authorities/subjects/sh85136049 
650 0 |a Warships.  |0 http://id.loc.gov/authorities/subjects/sh85145303 
655 7 |a Electronic books.  |2 local 
710 1 |a United States.  |b Navy Department.  |b Bureau of Navigation.  |0 http://id.loc.gov/authorities/names/n88016030 
776 1 8 |i Microfiche version:  |t Instructions for carpenter's mate 3c in preparation for rating of carpenter's mate 2c, assignment 1-26  |o CIS US Exec MF N17.25-22  |w (ProQuest)cis19163205 
856 4 0 |u http://proxy.library.tamu.edu/login?url=http://congressional.proquest.com/congressional/docview/t66.d71.n17.25-22  |z Connect to the full text of this electronic document  |t 0 
999 f f |s da84849f-1be3-377c-ba27-3cb744f3865b  |i 65a70de4-54df-3a5c-a658-e8eefe78ef36  |t 0 
952 f f |a Texas A&M University  |b College Station  |c Electronic Resources  |d Available Online  |t 0  |h No information provided 
998 f f |t 0  |l Available Online